[Event "31. Open Villa de Benasque 2011"]
[Site "Benasque ESP"]
[Date "2011.07.13"]
[Round "7.3"]
[White "Movsziszian, Karen"]
[Black "Delchev, Aleksander"]
[Result "0-1"]
[WhiteElo "2493"]
[BlackElo "2622"]
[PlyCount "95"]
[EventDate "2011.07.07"]
[EventType "swiss"]
[EventRounds "10"]
[EventCountry "ESP"]
[Source "lmi"]
[SourceDate "2011.07.07"]

1. g3 c5 2. Bg2 Nc6 3. d3 g6 4. f4 Bg7 5. Nf3 d5 6. O-O d4 7. Nbd2 Nh6 8. Ne4
Qb6 9. Nfd2 Na5 10. c4 Nf5 11. Nf3 Nc6 12. Rb1 O-O 13. a3 a5 14. Ne1 Bd7 15. b3
Qa7 16. Nc2 Rab8 17. h3 Nd6 18. Nxd6 exd6 19. e4 dxe3 20. Bxe3 Rfe8 21. Qd2 Nd4
22. Bxd4 cxd4 23. Rbe1 b5 24. Rxe8+ Rxe8 25. cxb5 Bxb5 26. Kh2 Qc5 27. a4 Bd7
28. Re1 Rxe1 29. Nxe1 Be6 30. Bf3 Bxb3 31. Bd1 Be6 32. Qc2 Qb4 33. Nf3 h6 34.
Nd2 Kh7 35. Nc4 d5 36. Nd2 Bf5 37. Nb1 Bf8 38. Kg2 Qe1 39. g4 Bd7 40. Qd2 Qe3
41. Qxe3 dxe3 42. Nc3 d4 43. Ne2 Bc5 44. Kf1 f5 45. Nc1 fxg4 46. hxg4 Bd6 47.
f5 gxf5 48. gxf5 0-1

[Event "31. Open Villa de Benasque 2011"]
[Site "Benasque ESP"]
[Date "2011.07.13"]
[Round "7.4"]
[White "De La Villa Garcia, Jesus Maria"]
[Black "Andriasian, Zaven"]
[Result "1/2-1/2"]
[WhiteElo "2490"]
[BlackElo "2616"]
[PlyCount "66"]
[EventDate "2011.07.07"]
[EventType "swiss"]
[EventRounds "10"]
[EventCountry "ESP"]
[Source "lmi"]
[SourceDate "2011.07.07"]

1. e4 c5 2. Nf3 d6 3. d4 cxd4 4. Nxd4 Nf6 5. Nc3 a6 6. Be3 e5 7. Nb3 Be7 8. Qd2
Be6 9. O-O-O Nbd7 10. f3 h5 11. Kb1 Rc8 12. Nc1 Nb6 13. g3 O-O 14. Bd3 d5 15.
Bxb6 Qxb6 16. Nxd5 Nxd5 17. exd5 Bxd5 18. Bh7+ Kxh7 19. Qxd5 Rc5 20. Qd7 Rc7
21. Qd5 Bf6 22. Rhe1 Rfc8 23. Re2 g6 24. Qb3 Qc6 25. Rd5 Rd7 26. Rxd7 Qxd7 27.
a3 Rc5 28. Nd3 Rb5 29. Qc4 Kg7 30. Ka2 Rd5 31. Qb3 Rb5 32. Qc4 Rd5 33. Qb3 Rb5
1/2-1/2

[Event "31. Open Villa de Benasque 2011"]
[Site "Benasque ESP"]
[Date "2011.07.13"]
[Round "7.6"]
[White "Ubilava, Elizbar"]
[Black "Neelotpal, Das"]
[Result "1/2-1/2"]
[WhiteElo "2533"]
[BlackElo "2453"]
[PlyCount "142"]
[EventDate "2011.07.07"]
[EventType "swiss"]
[EventRounds "10"]
[EventCountry "ESP"]
[Source "lmi"]
[SourceDate "2011.07.07"]

1. Nf3 d5 2. d4 Nf6 3. c4 c6 4. Qc2 g6 5. Bf4 dxc4 6. Qxc4 Bg7 7. e3 O-O 8. Be2
Qa5+ 9. Nbd2 Be6 10. Qc1 Nbd7 11. O-O c5 12. Ng5 Bd5 13. e4 h6 14. exd5 hxg5
15. Nc4 Qd8 16. Bxg5 cxd4 17. d6 exd6 18. Bh6 d5 19. Bxg7 Kxg7 20. Nd2 Re8 21.
Qd1 Qb6 22. Nb3 a5 23. Rb1 Re4 24. Bd3 Rh4 25. Re1 Rah8 26. h3 Ng4 27. Qf3 Nge5
28. Qg3 Qf6 29. Bb5 R8h5 30. Bxd7 Nxd7 31. Nd2 Ne5 32. Rxe5 Rxe5 33. Nf3 Rhe4
34. Nxe5 Rxe5 35. Qd3 Re4 36. Qd2 b6 37. Rd1 Qe5 38. f3 Re2 39. Qxd4 Qxd4+ 40.
Rxd4 Rxb2 41. Rxd5 Kf6 42. h4 Ke6 43. Rg5 a4 44. a3 Rb3 45. Rg4 b5 46. Rg5 Kd6
47. f4 Kc6 48. f5 Rxa3 49. fxg6 fxg6 50. Rxg6+ Kd5 51. h5 Re3 52. h6 Re8 53.
Ra6 Rh8 54. Kf2 a3 55. g4 Ke5 56. Kg3 b4 57. g5 Kf5 58. Kh4 Rb8 59. h7 b3 60.
Rf6+ Ke4 61. Rb6 Rh8 62. Rb4+ Kf5 63. Rb5+ Kg6 64. Rxb3 Rxh7+ 65. Kg4 Ra7 66.
Rb6+ Kg7 67. Rb1 a2 68. Ra1 Kg6 69. Kf3 Kxg5 70. Ke3 Kf5 71. Kd3 Ke5 1/2-1/2

[Event "31. Open Villa de Benasque 2011"]
[Site "Benasque ESP"]
[Date "2011.07.13"]
[Round "7.7"]
[White "Cabrera, Alexis"]
[Black "Naroditsky, Daniel"]
[Result "0-1"]
[WhiteElo "2530"]
[BlackElo "2451"]
[PlyCount "82"]
[EventDate "2011.07.07"]
[EventType "swiss"]
[EventRounds "10"]
[EventCountry "ESP"]
[Source "lmi"]
[SourceDate "2011.07.07"]

1. d4 Nf6 2. c4 g6 3. Nc3 Bg7 4. Nf3 O-O 5. g3 d6 6. Bg2 Nc6 7. O-O Rb8 8. h3
a6 9. e4 b5 10. cxb5 axb5 11. Re1 e5 12. d5 b4 13. Nb1 Ne7 14. Nbd2 c6 15. dxc6
Nxc6 16. b3 Na5 17. Bb2 h6 18. Nf1 Be6 19. N3d2 Nb7 20. Ne3 Nc5 21. Qe2 Qe7 22.
Nec4 Nh5 23. Nf1 Nf6 24. Rad1 Rfd8 25. f4 Nfxe4 26. fxe5 d5 27. Ncd2 Nc3 28.
Bxc3 bxc3 29. Nf3 Ne4 30. Kh2 Qc7 31. Nd4 Bxe5 32. Nxe6 Bxg3+ 33. Kh1 fxe6 34.
Bxe4 dxe4 35. Rc1 Bf4 36. Rc2 Qe5 37. Ne3 Rd3 38. Ng4 Rxh3+ 39. Kg2 Rg3+ 40.
Kf1 Qf5 41. Nf2 e3 0-1

[Event "31. Open Villa de Benasque 2011"]
[Site "Benasque ESP"]
[Date "2011.07.13"]
[Round "7.8"]
[White "Rubio Mejia, Luis Ignacio"]
[Black "Volodin, Aleksandr"]
[Result "1/2-1/2"]
[WhiteElo "2417"]
[BlackElo "2523"]
[PlyCount "103"]
[EventDate "2011.07.07"]
[EventType "swiss"]
[EventRounds "10"]
[EventCountry "ESP"]
[Source "lmi"]
[SourceDate "2011.07.07"]

1. Nf3 c5 2. c4 d6 3. Nc3 e5 4. e3 Nc6 5. d4 Nf6 6. Be2 Be7 7. d5 Nb8 8. e4 O-O
9. O-O Ne8 10. a3 g6 11. Bh6 Ng7 12. b4 Nd7 13. Qd2 f6 14. Ne1 f5 15. Nd3 b6
16. f4 exf4 17. exf5 g5 18. h4 Ne5 19. hxg5 Bxf5 20. Nxf4 Bxg5 21. Bxg5 Qxg5
22. Rad1 Rac8 23. Nb5 Rcd8 24. Nxa7 Be4 25. Rf2 Qg3 26. Nb5 Rf6 27. Nc3 Bf5 28.
Rdf1 Rdf8 29. Nd1 Bg4 30. Qe3 Qh4 31. g3 Qg5 32. Ng2 Qxe3 33. Ngxe3 Rxf2 34.
Rxf2 Bxe2 35. Rxe2 Ra8 36. bxc5 bxc5 37. Ra2 Nh5 38. Kg2 Nf6 39. Nc3 Kf7 40. a4
Ke7 41. Rb2 Nfd7 42. Nf5+ Kd8 43. Nxd6 Ra6 44. Ncb5 Rxa4 45. Re2 Ke7 46. Re4
Kf6 47. Rf4+ Kg6 48. Nc7 Ra2+ 49. Rf2 Ra4 50. Rf4 Ra2+ 51. Rf2 Ra4 52. Rf4
1/2-1/2

[Event "31. Open Villa de Benasque 2011"]
[Site "Benasque ESP"]
[Date "2011.07.13"]
[Round "7.9"]
[White "Bakre, Tejas"]
[Black "Recuero Guerra, David"]
[Result "1/2-1/2"]
[WhiteElo "2522"]
[BlackElo "2441"]
[PlyCount "37"]
[EventDate "2011.07.07"]
[EventType "swiss"]
[EventRounds "10"]
[EventCountry "ESP"]
[Source "lmi"]
[SourceDate "2011.07.07"]

1. d4 Nf6 2. Nf3 d5 3. c4 e6 4. e3 c5 5. Nc3 dxc4 6. Bxc4 a6 7. a4 Nc6 8. O-O
Qc7 9. d5 exd5 10. Nxd5 Nxd5 11. Qxd5 Bd6 12. Rd1 Ne5 13. Nxe5 Bxe5 14. f4 Bf6
15. Qe4+ Qe7 16. Bd5 Qxe4 17. Bxe4 Rb8 18. Bd2 O-O 19. Rac1 1/2-1/2

[Event "31. Open Villa de Benasque 2011"]
[Site "Benasque ESP"]
[Date "2011.07.13"]
[Round "7.10"]
[White "Franco Ocampos, Zenon"]
[Black "Kadric, Denis"]
[Result "0-1"]
[WhiteElo "2502"]
[BlackElo "2406"]
[PlyCount "106"]
[EventDate "2011.07.07"]
[EventType "swiss"]
[EventRounds "10"]
[EventCountry "ESP"]
[Source "lmi"]
[SourceDate "2011.07.07"]

1. c4 Nf6 2. Nc3 d5 3. cxd5 Nxd5 4. g3 g6 5. Bg2 Nb6 6. d3 Bg7 7. Be3 Nc6 8.
Rc1 Nd4 9. Nf3 Nf5 10. Bc5 O-O 11. O-O c6 12. d4 Nd6 13. e4 Nd7 14. Ba3 Nc4 15.
Qb3 Nxa3 16. Qxa3 Nb6 17. Rfd1 Bg4 18. e5 f6 19. Qb3+ Kh8 20. e6 Qd6 21. Re1
Bxf3 22. Bxf3 Qxd4 23. Rcd1 Qc5 24. Ne4 Qa5 25. Rc1 Bh6 26. Rcd1 f5 27. Nc3
Rad8 28. Rxd8 Rxd8 29. Rd1 Rf8 30. h4 Bg7 31. Kg2 Bf6 32. h5 Kg7 33. hxg6 hxg6
34. Rh1 Rd8 35. Rd1 Rxd1 36. Nxd1 Qa4 37. Qe3 Qxa2 38. g4 fxg4 39. Bxg4 Nc4 40.
Qe2 Ne5 41. Ne3 Qa4 42. Bh3 Qe4+ 43. f3 Qd4 44. Bf5 Bg5 45. Ng4 gxf5 46. Nxe5
Qd2 47. Qxd2 Bxd2 48. Nd7 Be3 49. Kg3 a5 50. b3 b5 51. Nb8 a4 52. bxa4 bxa4 53.
Nxc6 Bg5 0-1

[Event "31. Open Villa de Benasque 2011"]
[Site "Benasque ESP"]
[Date "2011.07.14"]
[Round "8.1"]
[White "Petrosian, Tigran L"]
[Black "Stocek, Jiri"]
[Result "1/2-1/2"]
[WhiteElo "2636"]
[BlackElo "2596"]
[PlyCount "73"]
[EventDate "2011.07.07"]
[EventType "swiss"]
[EventRounds "10"]
[EventCountry "ESP"]
[Source "lmi"]
[SourceDate "2011.07.07"]

1. e4 e5 2. Nf3 Nc6 3. Bb5 a6 4. Ba4 Nf6 5. O-O Be7 6. Re1 d6 7. c3 Bd7 8. d4
O-O 9. h3 h6 10. Nbd2 Re8 11. Nf1 Bf8 12. Ng3 Rc8 13. Bc2 b5 14. Be3 a5 15. d5
Ne7 16. a4 c6 17. dxc6 Bxc6 18. axb5 Bxb5 19. Qb1 Qc7 20. Qa2 Nc6 21. Bb3 Ra8
22. Nd2 Reb8 23. Red1 a4 24. Bc4 Bxc4 25. Nxc4 Na5 26. Nd2 Nc6 27. Nc4 Na5 28.
Nd2 Nc6 29. Rdb1 Qd8 30. Qc4 Na5 31. Qd3 Nb3 32. Nxb3 Rxb3 33. Qc2 Qb8 34. Nf1
a3 35. bxa3 Raxa3 36. Nd2 Rxb1+ 37. Rxb1 1/2-1/2

[Event "31. Open Villa de Benasque 2011"]
[Site "Benasque ESP"]
[Date "2011.07.14"]
[Round "8.2"]
[White "Delchev, Aleksander"]
[Black "Oleksienko, Mikhailo"]
[Result "1-0"]
[WhiteElo "2622"]
[BlackElo "2564"]
[PlyCount "95"]
[EventDate "2011.07.07"]
[EventType "swiss"]
[EventRounds "10"]
[EventCountry "ESP"]
[Source "lmi"]
[SourceDate "2011.07.07"]

1. e4 c5 2. Nf3 Nc6 3. Bb5 g6 4. Bxc6 bxc6 5. O-O Bg7 6. Re1 Nf6 7. e5 Nd5 8.
c4 Nc7 9. b3 O-O 10. Bb2 d6 11. exd6 Qxd6 12. Bxg7 Kxg7 13. Nc3 Bg4 14. Ne4
Bxf3 15. Nxd6 Bxd1 16. Rxe7 Ne8 17. Nxe8+ Rfxe8 18. Rxe8 Rxe8 19. Rxd1 h5 20.
Kf1 Rd8 21. d3 h4 22. Ke2 f5 23. Kd2 Kf6 24. Re1 g5 25. f3 a5 26. a3 Rb8 27.
Kc3 Rd8 28. g3 Rh8 29. f4 g4 30. b4 axb4+ 31. axb4 cxb4+ 32. Kxb4 hxg3 33. hxg3
Rh2 34. Kc5 Rg2 35. Kxc6 Rxg3 36. d4 Rf3 37. d5 Rxf4 38. c5 Rd4 39. d6 g3 40.
Kd7 f4 41. c6 Rc4 42. c7 f3 43. c8=Q Rxc8 44. Kxc8 f2 45. Rd1 g2 46. d7 g1=Q
47. d8=Q+ Kf5 48. Qd5+ 1-0

[Event "31. Open Villa de Benasque 2011"]
[Site "Benasque ESP"]
[Date "2011.07.14"]
[Round "8.4"]
[White "Kadric, Denis"]
[Black "Timoshenko, Georgy"]
[Result "0-1"]
[WhiteElo "2406"]
[BlackElo "2568"]
[PlyCount "54"]
[EventDate "2011.07.07"]
[EventType "swiss"]
[EventRounds "10"]
[EventCountry "ESP"]
[Source "lmi"]
[SourceDate "2011.07.07"]

1. e4 e6 2. d4 d5 3. Nd2 c5 4. Ngf3 Nf6 5. exd5 exd5 6. Bb5+ Bd7 7. Qe2+ Be7 8.
dxc5 O-O 9. Nb3 Re8 10. O-O Bxc5 11. Qd3 Bb6 12. Bxd7 Nbxd7 13. Bg5 Qc7 14. Bh4
a6 15. Rfe1 Re4 16. Bg3 Qc6 17. Nfd2 Ra4 18. Re2 h5 19. Nf3 Re4 20. Rae1 g6 21.
Ng5 h4 22. Nxe4 dxe4 23. Qd6 hxg3 24. Qxg3 Re8 25. Qh4 Kg7 26. Nd2 Rh8 27. Qg5
Rh5 0-1

[Event "31. Open Villa de Benasque 2011"]
[Site "Benasque ESP"]
[Date "2011.07.14"]
[Round "8.5"]
[White "Levin, Felix"]
[Black "Saric, Ivan"]
[Result "0-1"]
[WhiteElo "2475"]
[BlackElo "2639"]
[PlyCount "68"]
[EventDate "2011.07.07"]
[EventType "swiss"]
[EventRounds "10"]
[EventCountry "ESP"]
[Source "lmi"]
[SourceDate "2011.07.07"]

1. d4 Nf6 2. c4 g6 3. Nc3 Bg7 4. e4 d6 5. Nf3 O-O 6. Be2 c6 7. Bg5 h6 8. Be3
Ng4 9. Bc1 e5 10. dxe5 Nxe5 11. O-O Be6 12. Nxe5 dxe5 13. Qxd8 Rxd8 14. Be3 Nd7
15. Rfd1 Bf8 16. a3 Nc5 17. b4 Nb3 18. Rxd8 Rxd8 19. Rd1 Nd4 20. Bf1 a5 21. c5
axb4 22. axb4 Ra8 23. Bxd4 exd4 24. Ne2 Bg7 25. Nf4 Bb3 26. Rc1 Ra3 27. b5 Ba4
28. bxc6 Bxc6 29. f3 h5 30. Nd5 Bf8 31. g4 hxg4 32. fxg4 d3 33. Kg2 Ba4 34. Rb1
d2 0-1

[Event "31. Open Villa de Benasque 2011"]
[Site "Benasque ESP"]
[Date "2011.07.14"]
[Round "8.6"]
[White "Gomez Esteban, Juan Mario"]
[Black "Turov, Maxim"]
[Result "0-1"]
[WhiteElo "2465"]
[BlackElo "2630"]
[PlyCount "94"]
[EventDate "2011.07.07"]
[EventType "swiss"]
[EventRounds "10"]
[EventCountry "ESP"]
[Source "lmi"]
[SourceDate "2011.07.07"]

1. e4 e5 2. Nf3 Nc6 3. Bb5 a6 4. Ba4 Nge7 5. O-O g6 6. c3 Bg7 7. d4 exd4 8.
cxd4 b5 9. Bb3 O-O 10. Nc3 d6 11. h3 Na5 12. Bc2 Bb7 13. d5 Qd7 14. Rb1 Nc4 15.
Nd4 c5 16. dxc6 Nxc6 17. Nxc6 Bxc6 18. Nd5 Rac8 19. b3 Bxd5 20. exd5 Nb6 21.
Be3 Nxd5 22. Bd2 Rfe8 23. Bd3 Nc3 24. Bxc3 Bxc3 25. a4 d5 26. axb5 axb5 27. Qf3
Re5 28. Rbd1 d4 29. Qf6 Qd5 30. h4 Rce8 31. Rb1 Bd2 32. Qb6 Kg7 33. Rfd1 Bc3
34. Bf1 R8e6 35. Qa7 Qe4 36. g3 Rf6 37. Qa2 Qg4 38. Kh2 g5 39. hxg5 Rxg5 40.
Kg1 Re5 41. Qc2 Qh5 42. Qd3 Rh6 43. Bg2 Qh2+ 44. Kf1 Rf6 45. Rbc1 Re3 46. Rxc3
Qxg3 47. Qxd4 Qxf2# 0-1

[Event "31. Open Villa de Benasque 2011"]
[Site "Benasque ESP"]
[Date "2011.07.14"]
[Round "8.7"]
[White "Andriasian, Zaven"]
[Black "Stopa, Jacek"]
[Result "1-0"]
[WhiteElo "2616"]
[BlackElo "2474"]
[PlyCount "77"]
[EventDate "2011.07.07"]
[EventType "swiss"]
[EventRounds "10"]
[EventCountry "ESP"]
[Source "lmi"]
[SourceDate "2011.07.07"]

1. e4 e6 2. d4 d5 3. Nc3 Nf6 4. Bg5 Bb4 5. e5 h6 6. Bc1 Ne4 7. Qg4 g5 8. Nge2
c5 9. a3 Ba5 10. dxc5 Qc7 11. b4 Nxc3 12. Nxc3 Qxe5+ 13. Kd2 Bc7 14. Bb2 Nc6
15. Re1 Qf4+ 16. Qxf4 Bxf4+ 17. Kd1 O-O 18. h4 g4 19. Be2 h5 20. Bd3 Bd7 21.
Ne2 Be5 22. Bxe5 Nxe5 23. Kd2 a5 24. Nf4 Nxd3 25. Kxd3 axb4 26. axb4 Ra3+ 27.
Kd2 d4 28. Nxh5 f6 29. Ra1 Rc3 30. Nf4 Kf7 31. Ra7 Bc6 32. Re1 e5 33. b5 Bxb5
34. Rxb7+ Kg8 35. Rxb5 exf4 36. Re4 Rc4 37. Rxf4 f5 38. c6 Rf6 39. Rbxf5 1-0

[Event "31. Open Villa de Benasque 2011"]
[Site "Benasque ESP"]
[Date "2011.07.14"]
[Round "8.8"]
[White "Neelotpal, Das"]
[Black "Burmakin, Vladimir"]
[Result "1/2-1/2"]
[WhiteElo "2453"]
[BlackElo "2579"]
[PlyCount "73"]
[EventDate "2011.07.07"]
[EventType "swiss"]
[EventRounds "10"]
[EventCountry "ESP"]
[Source "lmi"]
[SourceDate "2011.07.07"]

1. d4 c6 2. c4 Nf6 3. Nc3 d5 4. Nf3 a6 5. g3 b5 6. c5 g6 7. Bg2 Bg7 8. Ne5 Nfd7
9. f4 Nxe5 10. fxe5 O-O 11. O-O Ra7 12. Bf4 a5 13. Qd2 Be6 14. Bh6 f6 15. Bxg7
Kxg7 16. e4 b4 17. Ne2 dxe4 18. Bxe4 Rd7 19. exf6+ exf6 20. a3 Bc4 21. Rfd1
Bxe2 22. Qxe2 Rxd4 23. Bf3 bxa3 24. bxa3 Rf7 25. Qe3 Rxd1+ 26. Rxd1 Qe7 27.
Qxe7 Rxe7 28. Rd8 Nd7 29. Bxc6 Nxc5 30. Ra8 a4 31. Bxa4 Re2 32. Ra5 Nxa4 33.
Rxa4 Ra2 34. g4 g5 35. h3 Kg6 36. Ra6 h6 37. a4 1/2-1/2

[Event "31. Open Villa de Benasque 2011"]
[Site "Benasque ESP"]
[Date "2011.07.14"]
[Round "8.10"]
[White "Arribas Lopez, Angel"]
[Black "Szabo, Krisztian"]
[Result "1/2-1/2"]
[WhiteElo "2443"]
[BlackElo "2542"]
[PlyCount "62"]
[EventDate "2011.07.07"]
[EventType "swiss"]
[EventRounds "10"]
[EventCountry "ESP"]
[Source "lmi"]
[SourceDate "2011.07.07"]

1. e4 e5 2. Nf3 Nc6 3. d4 exd4 4. Nxd4 Bc5 5. Be3 Qf6 6. Nb5 Bxe3 7. fxe3 Qh4+
8. g3 Qd8 9. N1c3 a6 10. Nd4 Nf6 11. Qe2 d6 12. Bg2 Ne5 13. h3 Be6 14. O-O-O
Qe7 15. g4 h6 16. Nd5 Nxd5 17. exd5 Bd7 18. Nf3 O-O-O 19. Rd4 Nxf3 20. Qxf3 h5
21. gxh5 Qg5 22. h4 Qxh5 23. Qxh5 Rxh5 24. Bf3 Re5 25. Kd2 Rde8 26. Re1 f6 27.
h5 Rg5 28. Rf4 Rh8 29. Rh1 Rh6 30. Ke2 Be8 31. Rfh4 Bf7 1/2-1/2

[Event "31. Open Villa de Benasque 2011"]
[Site "Benasque ESP"]
[Date "2011.07.15"]
[Round "9.1"]
[White "Timoshenko, Georgy"]
[Black "Petrosian, Tigran L"]
[Result "1/2-1/2"]
[WhiteElo "2568"]
[BlackElo "2636"]
[PlyCount "36"]
[EventDate "2011.07.07"]
[EventType "swiss"]
[EventRounds "10"]
[EventCountry "ESP"]
[Source "lmi"]
[SourceDate "2011.07.07"]

1. d4 d5 2. c4 c6 3. Nf3 Nf6 4. Nc3 dxc4 5. a4 Bf5 6. Ne5 Nbd7 7. Nxc4 Qc7 8.
g3 e5 9. dxe5 Nxe5 10. Bf4 Nfd7 11. Bg2 g5 12. Ne3 gxf4 13. Nxf5 O-O-O 14. Qc2
fxg3 15. hxg3 Kb8 16. O-O-O Bb4 17. Na2 Bc5 18. e3 Bb6 1/2-1/2

[Event "31. Open Villa de Benasque 2011"]
[Site "Benasque ESP"]
[Date "2011.07.15"]
[Round "9.2"]
[White "Saric, Ivan"]
[Black "Delchev, Aleksander"]
[Result "1/2-1/2"]
[WhiteElo "2639"]
[BlackElo "2622"]
[PlyCount "133"]
[EventDate "2011.07.07"]
[EventType "swiss"]
[EventRounds "10"]
[EventCountry "ESP"]
[Source "lmi"]
[SourceDate "2011.07.07"]

1. e4 e5 2. Nf3 Nc6 3. Bb5 a6 4. Ba4 Nf6 5. O-O Be7 6. Re1 d6 7. c3 Bg4 8. d3
O-O 9. h3 Bh5 10. Be3 h6 11. Nbd2 b5 12. Bc2 d5 13. Qe2 Bg6 14. Rad1 Re8 15.
Nf1 Bd6 16. Bc1 dxe4 17. dxe4 Nh5 18. g3 Qe7 19. Kh2 Nf6 20. Nh4 Bh5 21. f3 Nh7
22. Ne3 Ng5 23. g4 Bg6 24. Bb3 Kh8 25. Nhf5 Bxf5 26. gxf5 Nd4 27. cxd4 exd4+
28. Kg2 dxe3 29. Qxe3 Qe5 30. f4 Qxe4+ 31. Qxe4 Nxe4 32. Bxf7 Rf8 33. Bd5 Nf6
34. Bxa8 Rxa8 35. Kf3 Rf8 36. Re6 Nh5 37. Rd5 Nf6 38. Rdxd6 cxd6 39. Rxd6 Rc8
40. Be3 Rc2 41. Bd4 Rh2 42. Bxf6 gxf6 43. Rxf6 Rxh3+ 44. Kg4 Rh2 45. Rxa6 Rxb2
46. Ra7 b4 47. Kh5 b3 48. axb3 Rxb3 49. Kg6 Rg3+ 50. Kxh6 Kg8 51. f6 Kf8 52.
Rg7 Rh3+ 53. Kg6 Rg3+ 54. Kf5 Ra3 55. Rb7 Ra1 56. Rc7 Rb1 57. f7 Rb5+ 58. Kg6
Rb6+ 59. Kg5 Rb5+ 60. f5 Rb6 61. Ra7 Rc6 62. Kf4 Rb6 63. Rd7 Ra6 64. Ke5 Ra5+
65. Ke6 Ra6+ 66. Rd6 Rxd6+ 67. Kxd6 1/2-1/2

[Event "31. Open Villa de Benasque 2011"]
[Site "Benasque ESP"]
[Date "2011.07.15"]
[Round "9.3"]
[White "Turov, Maxim"]
[Black "Naroditsky, Daniel"]
[Result "1/2-1/2"]
[WhiteElo "2630"]
[BlackElo "2451"]
[PlyCount "144"]
[EventDate "2011.07.07"]
[EventType "swiss"]
[EventRounds "10"]
[EventCountry "ESP"]
[Source "lmi"]
[SourceDate "2011.07.07"]

1. d4 Nf6 2. c4 g6 3. Nf3 Bg7 4. g3 O-O 5. Bg2 d6 6. Nc3 Nc6 7. O-O Rb8 8. h3
a6 9. e4 b5 10. cxb5 axb5 11. Re1 e5 12. dxe5 Nxe5 13. Nxe5 dxe5 14. Be3 Be6
15. Ba7 Qxd1 16. Rexd1 Rb7 17. Bc5 Ra8 18. Nd5 c6 19. Nxf6+ Bxf6 20. a3 Be7 21.
Bxe7 Rxe7 22. Rac1 b4 23. axb4 Rb7 24. Rxc6 Rxb4 25. Rd2 Ra1+ 26. Kh2 Rb1 27.
Rcc2 Kg7 28. f3 Bb3 29. Rc5 Bc4 30. h4 Bb5 31. Rxe5 R4xb2 32. Red5 h5 33. Bh3
Be2 34. Bg2 Bb5 35. Rd6 Rxd2 36. Rxd2 Bf1 37. Bxf1 Rxf1 38. Kg2 Rb1 39. Kf2 Rb3
40. Ke2 Ra3 41. Rd3 Ra5 42. Ke3 Rb5 43. Kf4 Ra5 44. Rd5 Ra3 45. Rd7 Rb3 46. Rd5
Ra3 47. g4 hxg4 48. Kxg4 Ra1 49. h5 gxh5+ 50. Kxh5 Kf6 51. Kg4 Ke6 52. Rb5 f6
53. Rb6+ Ke7 54. f4 Ra5 55. Rb7+ Kf8 56. Rd7 Rb5 57. Rd5 Rb7 58. Kf5 Kf7 59.
Ra5 Rc7 60. Ra6 Rc5+ 61. e5 fxe5 62. fxe5 Rc7 63. Rh6 Kg7 64. Rf6 Rf7 65. Ke6
Ra7 66. Kd5 Ra5+ 67. Ke4 Ra7 68. Rf1 Ra4+ 69. Kf5 Kf7 70. Rh1 Ra6 71. e6+ Rxe6
72. Rh7+ Kg8 1/2-1/2

[Event "31. Open Villa de Benasque 2011"]
[Site "Benasque ESP"]
[Date "2011.07.15"]
[Round "9.5"]
[White "Stocek, Jiri"]
[Black "Andriasian, Zaven"]
[Result "1/2-1/2"]
[WhiteElo "2596"]
[BlackElo "2616"]
[PlyCount "47"]
[EventDate "2011.07.07"]
[EventType "swiss"]
[EventRounds "10"]
[EventCountry "ESP"]
[Source "lmi"]
[SourceDate "2011.07.07"]

1. d4 d5 2. c4 c6 3. Nf3 Nf6 4. Nc3 dxc4 5. e3 b5 6. a4 b4 7. Nb1 Ba6 8. Be2 e6
9. O-O Be7 10. Nbd2 c3 11. bxc3 bxc3 12. Nb1 O-O 13. Nxc3 c5 14. Rb1 Bxe2 15.
Qxe2 Nbd7 16. Bd2 cxd4 17. Nxd4 Rc8 18. Rfd1 Qc7 19. h3 Nc5 20. Ncb5 Qb6 21.
Nc3 Qc7 22. Ndb5 Qb6 23. Nd4 Qc7 24. Ncb5 1/2-1/2

[Event "31. Open Villa de Benasque 2011"]
[Site "Benasque ESP"]
[Date "2011.07.15"]
[Round "9.6"]
[White "Burg, Twan"]
[Black "Ubilava, Elizbar"]
[Result "1-0"]
[WhiteElo "2450"]
[BlackElo "2533"]
[PlyCount "79"]
[EventDate "2011.07.07"]
[EventType "swiss"]
[EventRounds "10"]
[EventCountry "ESP"]
[Source "lmi"]
[SourceDate "2011.07.07"]

1. e4 c5 2. Nf3 d6 3. d4 cxd4 4. Nxd4 Nf6 5. Nc3 Nc6 6. Bg5 Bd7 7. Be2 a6 8.
Bxf6 gxf6 9. O-O e6 10. Kh1 Bg7 11. f4 O-O 12. f5 Ne5 13. Bg4 Qe7 14. Bh3 Bh6
15. Qh5 Be3 16. Nf3 Kh8 17. Rae1 Bb6 18. Qh6 Rg8 19. Rd1 Nc4 20. e5 fxe5 21. f6
Qf8 22. Ng5 Rxg5 23. Qxg5 Bc6 24. Rd3 Qg8 25. Qc1 Qg6 26. Rg3 Qh5 27. b3 Na5
28. Bg4 Qh4 29. Bf3 Rg8 30. Rh3 Qf4 31. Qe1 Bxf3 32. Rfxf3 Qg4 33. Rhg3 Qh5 34.
Ne4 Nc6 35. Nxd6 Nd8 36. Rxg8+ Kxg8 37. Rh3 Bf2 38. Qxf2 Qd1+ 39. Qg1 Qxd6 40.
Rg3+ 1-0

[Event "31. Open Villa de Benasque 2011"]
[Site "Benasque ESP"]
[Date "2011.07.15"]
[Round "9.7"]
[White "Burmakin, Vladimir"]
[Black "Rioboo De Larriva, Alvaro"]
[Result "1-0"]
[WhiteElo "2579"]
[BlackElo "2215"]
[PlyCount "79"]
[EventDate "2011.07.07"]
[EventType "swiss"]
[EventRounds "10"]
[EventCountry "ESP"]
[Source "lmi"]
[SourceDate "2011.07.07"]

1. d4 Nf6 2. Nf3 c5 3. d5 b5 4. a4 Bb7 5. axb5 Bxd5 6. Bg5 Bb7 7. Nc3 d5 8. e3
Nbd7 9. Be2 g6 10. Ra3 Bg7 11. Qa1 O-O 12. O-O e5 13. Qa2 Qc7 14. Ra1 d4 15.
Nd1 Nb6 16. Nd2 Nfd5 17. Qb3 h5 18. e4 Nf6 19. f3 Nh7 20. Bh4 Bc8 21. Qa2 Bh6
22. Nc4 Be6 23. b3 Nc8 24. Ra6 Bd7 25. b6 Qb8 26. bxa7 Qc7 27. Qa5 Qxa5 28.
R1xa5 Be6 29. Nxe5 Bd2 30. Ra4 Re8 31. Bb5 Bxb3 32. cxb3 Rxe5 33. Bc6 Rxa7 34.
Rxa7 Nxa7 35. Rxa7 Ng5 36. Bd5 Bf4 37. Bg3 Bxg3 38. hxg3 Re8 39. Nb2 Kf8 40.
Nd3 1-0

[Event "31. Open Villa de Benasque 2011"]
[Site "Benasque ESP"]
[Date "2011.07.15"]
[Round "9.10"]
[White "Sabria Batlle, Pol"]
[Black "Marin, Mihail"]
[Result "0-1"]
[WhiteElo "2209"]
[BlackElo "2548"]
[PlyCount "120"]
[EventDate "2011.07.07"]
[EventType "swiss"]
[EventRounds "10"]
[EventCountry "ESP"]
[Source "lmi"]
[SourceDate "2011.07.07"]

1. e4 e5 2. Nf3 Nc6 3. Bb5 a6 4. Ba4 Nf6 5. O-O Be7 6. Re1 b5 7. Bb3 d6 8. c3
O-O 9. h3 h6 10. d4 Re8 11. Nbd2 Bf8 12. Bc2 Bd7 13. Nf1 a5 14. d5 Ne7 15. b3
c6 16. c4 cxd5 17. cxd5 Nh7 18. Ng3 Ng6 19. Nf5 Qf6 20. Nh2 Nf4 21. Ng4 Qd8 22.
Bxf4 exf4 23. Qd3 Rc8 24. e5 Bxf5 25. Qxf5 g6 26. Qd3 h5 27. e6 Rxc2 28. Qxc2
hxg4 29. exf7+ Kxf7 30. Re6 Rxe6 31. dxe6+ Kg7 32. hxg4 Ng5 33. Qc6 b4 34. Re1
Qf6 35. Qe8 Be7 36. Rc1 Qxe6 37. Rc7 Kf6 38. Qh8+ Kf7 39. Rc8 Qe1+ 40. Kh2 Qxf2
41. Qg8+ Kf6 42. Qh8+ Ke6 43. Qg8+ Ke5 44. Qg7+ Kd5 45. Qg8+ Ke5 46. Qg7+ Kd5
47. Qg8+ Kd4 48. Rc4+ Ke5 49. Qh8+ Ke6 50. Qg8+ Kf6 51. Qd5 Qg3+ 52. Kh1 Qh4+
53. Kg1 Qe1+ 54. Kh2 Qg3+ 55. Kh1 Qh4+ 56. Kg1 Qe1+ 57. Kh2 Qe5 58. Qd2 f3+ 59.
Kh1 Ne4 60. Qh6 Nf2+ 0-1